Multiple Choice City Quiz - Timbuktu - Statistics

General Stats
  • This quiz has been taken 50 times
  • The average score is 5 of 10
Answer Stats
Question Answer % Correct
Who is regarded as the wealthiest man in history, from Timbuktu? Mansa Musa
81%
What ancient kingdom was Timbuktu located in? Mali Empire
79%
Timbuktu was a prominent center of culture and learning for which religion? Islam
77%
Which combination of valuable materials made Timbuktu a major trading hub? Gold and Salt
72%
The Saadian Dynasty of which modern day country was the first to invade Timbuktu? Morocco
67%
Which river is Timbuktu situated near? Niger River
67%
In which century was Timbuktu founded? 11th century
23%
When was Timbuktu designated a UNESCO World Heritage site? 1988
19%
How much money is the man above said to have had (in USD)? $400 Billion
19%
What nickname is often given to Timbuktu? City of Saints
0%
No matching quizzes found
Score Distribution
Percent of People with Each Score
Percentile by Number Answered
Your Score History
You have not taken this quiz